01380nam a2200277 a 450000100100000000500170001000800410002702000180006804000250008608200140011110000550012524501040018026000380028430000210032249000180034359000270036170000430038870000470043183000230047895201180050195201180061995201180073795201120085595201180096799900170108500004746220250129121827.0130708s2017 dr 000 p spa d a9789945503111 aDO-SdBNPbspacBNPHU axxxbI37t1 aIncháustegui Cabral, Héctor,d1912-197992102410aTres miradas al sur /cHéctor Incháustegui Cabral, Freddy Gatón Arce, Lupo Hernández Rueda. aSanto Domingo :bNacional,c2017. a122 p. ;c24 cm.1 aHomenaje ;v5 aInventariado, 2018/ YL12aGatón Arce, Freddy,d1920-199497946 2aHernández Rueda, Lupo,d1930-2017923790 0aHomenajen5975088 0010718DSaGRbGRcCTd2018-06-07iLF1l0oxxx I37tp47462-30r2020-06-25te. 3w2020-06-25yLFDSZNo se presta 0010718DSaGRbGRcCTd2018-06-07iLF1l0oxxx I37tp47462-40r2020-06-25te. 4w2020-06-25yLFDSZNo se presta 0010718DSaGRbGRcCTd2018-06-07iLF1l0oxxx I37tp47462-50r2020-06-25te. 5w2020-06-25yLFDSZNo se presta 0010718PDaPDbPDcCTd2018-05-30iLF1l0oxxx I37tp47462-10r2020-06-25w2020-06-25yLFPDZNo se presta 0010718PDaPDbPDcCTd2018-05-30iLF1l0oxxx I37tp47462-20r2020-06-25te. 2w2020-06-25yLFPDZNo se presta c46950d46950